| 000 | 00379pab a2200157 454500 | ||
|---|---|---|---|
| 008 | 180718b2014 xxu||||| |||| 00| 0 eng d | ||
| 100 | _aViswanathan, R. | ||
| 245 | _aRBI report on financial inclusion : A review | ||
| 260 | _c2014 | ||
| 300 | _ap.16-19. | ||
| 362 | _a1 Mar | ||
| 650 | _aBanks | ||
| 773 | _aEconomic and Political Weekly | ||
| 908 | _aN | ||
| 909 | _a103545 | ||
| 999 |
_c103541 _d103541 |
||